Statistics for Hull City Premier League XIs

Click here to take the quiz!

General Stats

  • This quiz has been taken 50 times
  • The average score is 19 of 55

Answer Stats

PositionAnswer% Correct
DFAndrew Robertson
66%
DFAndy Dawson
61%
DFAndy Dawson
61%
DFCurtis Davies
61%
DFCurtis Davies
61%
DFCurtis Davies
61%
DFHarry Maguire
61%
DFMichael Dawson
61%
DFMichael Dawson
61%
GKBoaz Myhill
58%
GKBoaz Myhill
58%
MFGeovanni
58%
MFTom Huddlestone
58%
MFTom Huddlestone
58%
MFTom Huddlestone
58%
GKAllan McGregor
50%
GKAllan McGregor
50%
STAbel Hernández
47%
DFAlex Bruce
42%
MFDavid Meyler
42%
MFDavid Meyler
42%
STNikica Jelavić
39%
STNikica Jelavić
39%
GKEldin Jakupović
37%
MFJake Livermore
37%
MFJake Livermore
37%
MFJake Livermore
37%
DFJames Chester
32%
DFJames Chester
32%
MFIan Ashbee
29%
DFMichael Turner
29%
MFRobert Snodgrass
29%
MFAhmed Elmohamady
24%
MFAhmed Elmohamady
24%
MFAhmed Elmohamady
24%
MFStephen Hunt
24%
STMarlon King
21%
MFSam Clucas
21%
MFCraig Fagan
18%
DFPaul McShane
18%
DFPaul McShane
18%
STJozy Altidore
16%
DFLiam Rosenior
16%
DFMaynor Figueroa
16%
DFSam Ricketts
16%
MFStephen Quinn
16%
STDaniel Cousin
13%
MFGeorge Boateng
13%
MFGeorge Boateng
13%
DFAnthony Gardner
11%
DFKamil Zayatte
11%
DFKamil Zayatte
11%
MFDean Marney
8%
DFSteven Mouyokolo
8%
STJan Vennegoor of Hesselink
5%

Score Distribution

Percentile by Number Answered

Percent of People with Each Score

Your Score History

You have not taken this quiz